000 00839nam a2200241Ia 4500
003 OSt
005 20220927104919.0
006 a|||||r|||| 00| 0
007 ta
008 220926b |||||||| |||| 00| 0 eng d
024 _a141600
037 _cReference Collections
040 _aRTL
_cRTL
_beng
041 _2eng
_aeng
082 _a"V1N45,933:8.N737, L7,1-,45/UN"
110 _a"United Nations, General Assembly, Official RecordS, 32 Session"
_9368341
245 0 _aSupplements. 45 Nos
260 _aNew
_bYork UN
_c1977
490 _vV 1: Report of the Secretary-General on the work of the organisation. (10p)
700 _a"United Nations, General Assembly, Official RecordS, 32 Session"
_9368342
942 _h"V1N45,933:8.N737, L7,1-,45/UN"
_cCC
999 _c689339
_d689339